Statystyki dla Kraków - linia tramwajowa nr 13

Kliknij tutaj aby rozwiązać quiz!

Ogólne statystyki

  • Ten quiz został rozwiązany 10 razy
  • Średni wynik to 15 z 28

Statystyki odpowiedzi

HintOdpowiedź% Poprawnych
PętlaNowy Bieżanów
100%
PętlaBronowice
70%
7.Bieżanowska
60%
24.Biprostal
60%
1.Ćwiklińskiej
60%
9.Dworcowa
60%
26.Głowackiego
60%
8.Kabel
60%
2.Nowy Prokocim
60%
5.Prokocim
60%
4.Prokocim Szpital
60%
3.Teligi
60%
6.Wlotowa
60%
10.Cmentarz Podgórski
50%
13.Korona
50%
22.Plac Inwalidów
50%
18.Plac Wszystkich Świętych
50%
11.Podgórze SKA
50%
20.Teatr Bagatela
50%
16.Wawel
50%
21.Batorego
40%
19.Filharmonia
40%
12.Limanowskiego
40%
15.Stradom
40%
17.Św. Gertrudy
40%
25.UKEN
40%
23.Urzędnicza
40%
14.Plac Wolnica
30%

Rozkład punktacji

Percentyl według liczby udzielonych odpowiedzi

Procent ludzi z każdym wynikiem

Twoja historia wyników

Nie rozwiązałeś tego quizu